Answers End in B - Statistics

General Stats
  • This quiz has been taken 17,722 times
  • The average score is 14 of 20
Answer Stats
Hint Answer % Correct
Soviet equivalent of the CIA KGB
90%
Baby bear Cub
87%
Body part that is "opposable" in primates Thumb
82%
Body part of Adam's which God used to make Eve Rib
80%
Parsley, rosemary, or sage, for example Herb
79%
Burial place Tomb
78%
Word that comes after Yacht, Glee, or Country Club
76%
Muslim head scarf Hijab
76%
Capital of Croatia Zagreb
76%
Hexagon-shaped structures built by bees Honeycomb
73%
Where Amy Winehouse didn't want to go, no no no Rehab
73%
What Hansel and Gretel used to mark their path Crumb
72%
Type of beetle regarded as sacred in ancient Egypt Scarab
69%
What lidocaine might make you feel Numb
64%
In England, common names for these include the "Red Lion" and the "George and Dragon" Pub
63%
Desert which stretches along the coast of Namibia (think hard about this one!) Namib
56%
Ten-legged creature which can be found in the sea or on land Crab
54%
Thick-trunk type of tree found mostly in Madagascar Baobab
46%
From 1999–2012, the most common name for baby boys in the U.S. Jacob
41%
Region composed of Algeria, Libya, Mauritania, Morocco, and Tunisia Maghreb
39%
No matching quizzes found
Score Distribution
Percent of People with Each Score
Percentile by Number Answered
Your Score History
You have not taken this quiz